00305nam a2200121Ia 4500008004100000041000800041100002200049245004700071260002300118300000900141520002500150650000800175230818s1994 xx 000 0 und d aeng aLabour Law Agency aBombay Shops And Establishments Act - 1948 bS.L. Dwivedic1994 a151p aGeneral | Hard Board aLaw